Репертуар русского типографского гражданского шрифта XVIII века: Часть 1: Гражданский шрифт первой четверти XVIII века. 1708-1725.; Каталог шрифтов и их описание

Bibliografiske detaljer
Hovedforfatter: Шицгал А. Г. Абрам Григорьевич
Institution som forfatter: Государственная библиотека СССР им. В.И. Ленина Отдел редких книг
Summary:В одной суперобложке с репродукциями
Sprog:russisk
Udgivet: Москва, Книга, 1981
Fag:
Format: Bog
KOHA link:https://koha.lib.tpu.ru/cgi-bin/koha/opac-detail.pl?biblionumber=177298

MARC

LEADER 00000nam0a2200000 4500
001 177298
005 20231101223326.0
035 |a (RuTPU)RU\TPU\book\192205 
090 |a 177298 
100 |a 20100313d1981 k y0rusy50 ca 
101 0 |a rus 
102 |a RU 
105 |a f z 001zy 
200 1 |a Репертуар русского типографского гражданского шрифта XVIII века  |e Часть 1: Гражданский шрифт первой четверти XVIII века. 1708-1725.  |e Каталог шрифтов и их описание  |f А. Г. Шицгал  |g Государственная библиотека СССР им. В.И. Ленина ; Отдел редких книг 
210 |a Москва  |c Книга  |d 1981 
215 |a 92 с.  |c ил. 
300 |a В одной суперобложке с репродукциями 
320 |a Использованная литература: с. 28-29 
320 |a Индексация шрифтов: с.30 
320 |a Список сокращений: с. 30 
320 |a Примечания: с. 31-32 
320 |a Репродукции: с.33-92. 
610 1 |a оформление книги 
610 1 |a шрифты 
610 1 |a история книги 
610 1 |a Россия 
610 1 |a 18 век 
686 |a Ч611.8  |2 rubbk 
686 |a Ч7  |2 rubbk 
700 1 |a Шицгал  |b А. Г.  |c российский историк книги  |f 1903-1983  |g Абрам Григорьевич  |2 stltpush  |3 (RuTPU)RU\TPU\pers\24844  |9 11048 
712 0 2 |a Государственная библиотека СССР им. В.И. Ленина  |b Отдел редких книг  |2 stltpush  |3 (RuTPU)RU\TPU\col\6015 
801 1 |a RU  |b 63413507  |c 20100313 
801 2 |a RU  |b 63413507  |c 20130524  |g RCR 
942 |c BK